| 000 | 00353cam a2200145ua 4500 | ||
|---|---|---|---|
| 041 |
_aeng _h |
||
| 082 |
_a821 _bSHE/PO |
||
| 100 | _aShelley, . | ||
| 245 |
_aPoetry and prose / _cShelley. _hTextual Documents |
||
| 260 |
_aLondon : _bOxford at the Clarendon Press , _c1963. |
||
| 300 | _a199 ; . | ||
| 504 | _a | ||
| 942 | _cBK | ||
| 999 |
_c5360 _d5360 |
||